[Event "Madrid"]
[Site "Madrid"]
[Date "1996.05.08"]
[Round "1"]
[White "Salov, Valery"]
[Black "Topalov, Veselin"]
[Result "1-0"]
[WhiteElo "2670"]
[BlackElo "2700"]
[Annotator "Stohl,I"]
[PlyCount "111"]
[EventDate "1996.05.08"]
[EventType "tourn"]
[EventRounds "9"]
[EventCountry "ESP"]
[EventCategory "17"]
[SourceTitle "CBM 053"]
[Source "ChessBase"]
[SourceDate "1996.08.01"]
[SourceVersion "1"]
[SourceVersionDate "1996.08.01"]
[SourceQuality "1"]

1. d4 {Bologan} Nf6 2. Bg5 {It is Valeri's style to avoid the main theoretical
lines and to transpose the game into silent and peaceful positions with a
small advantage for him. Especialy it works against active and dinamic players
as Vesselin is. Even in the tournament in Buenos-Aires 1994, where the
participants were obliged to play the open Sicilian he managed after 1.e4 c5 2.
Nf3 d6 3.d4 cd4 4.Nd4 Nf6 5.f3!? to close it.} e6 3. Nf3 h6 4. Bh4 g5 $5 {
Ultra-sharp and typical for Topalov. More solid is In his game against
Miladinovic (Beograd 95) Topalov had chosen the simpliest plan with developing
the bishop on 'b7' without playing 'g5'.} (4... c5 5. e3 b6 6. c4 (6. Nc3 cxd4
7. exd4 Bb7 8. Bd3 Be7 9. Bxf6 Bxf6 10. Ne4 Be7 11. O-O O-O 12. c3 d6 13. Bc2
Nd7 14. Qd3 g6 15. Rfe1 Re8 16. Rad1 Nf6 17. Ng3 Bf8 18. h4 Bg7 19. h5 g5 20.
Nh2 Qc7 21. Bb1 Kf8 22. f3 d5 $10 {Rozentalis,E-Vyzhmanavin,A/Leningrad ch-SU/
1990/}) 6... Bb7 7. Nc3 Be7 8. Be2 O-O 9. O-O d6 10. Qd2 Nbd7 11. h3 a6 12.
Rfd1 Rc8 13. Bg3 cxd4 14. exd4 Re8 15. Bh2 d5 16. cxd5 exd5 17. Ne5 b5 18. a3
Nb6 19. Bf3 Bd6 20. Rac1 Rc7 21. Re1 Ne4 $1 $15 {Wockenfuss,K-Vyzhmanavin,A/
Ostende op/1991/}) 5. Bg3 Ne4 6. Nbd2 Nxg3 7. hxg3 Bg7 8. c3 (8. e3 d6 9. c3 (
9. Bd3 Nc6 10. c3 Qe7 11. Qc2 Bd7 12. O-O-O O-O-O 13. g4 Rdf8 14. Nf1 f5 15. d5
Ne5 16. Nxe5 Bxe5 17. dxe6 Qxe6 18. Bxf5 Qxa2 19. Bxd7+ Kxd7 20. f3 a5 21. Nd2
b5 22. Qb3 Qxb3 23. Nxb3 a4 24. Nd4 Rb8 25. Kc2 $10 {1/2,Tseitlin,MS-Levitt/
Polanica Zdroj/1988/}) 9... Nd7 (9... Nc6 10. Bd3 Qe7 11. Qc2 (11. Qe2 Bd7 12.
g4 Qf8 13. Ne4 f5 14. gxf5 exf5 15. Ng3 O-O-O 16. O-O-O f4 17. exf4 Qxf4+ 18.
Qd2 Qf7 19. b3 Rhf8 20. Rdf1 Rde8 21. Ne1 Ne7 22. Nc2 Ng6 23. Nh5 Nf4 $10 {
Eiber,M-Veselovsky,S/Pardubice op/1994/}) 11... Bd7 12. g4 Qf8 13. O-O-O O-O-O
14. Nc4 Kb8 15. e4 Ne7 16. Ne3 c5 17. dxc5 dxc5 18. Qb3 Qe8 19. Bb5 $1 Bc6 20.
a4 Rxd1+ 21. Rxd1 Nc8 22. Nc4 Bxb5 23. Qxb5 $16 {Meduna,E-Prandstetter,E/
TrenTep ch-CS/1985/}) 10. Qc2 a6 11. Bd3 Qe7 12. a4 b6 13. Be4 d5 14. Bd3 c5
15. O-O Bb7 16. dxc5 Nxc5 17. Be2 h5 18. Nd4 g4 19. f4 gxf3 20. Bxf3 Qg5 $40 {
Scheller-Razuvaev/Oberwart/1991/}) 8... d6 9. e4 {The most dangerous. The
passive 9.e3 gives Black some chances for surviving.} a6 $146 {Perhaps the
Bulgarian grandmaster was afraid after 9...b6 to get the check on "b5", but I
don't think that this is enough reason to lose the tempo in the beginning of
the game. Another plan was connected with 9...Nc6,Qe7,Bd7.} (9... c5 $6 10.
dxc5 (10. Bb5+ $5 Nd7 11. d5 $36) 10... dxc5 11. Qc2 O-O 12. e5 Qe7 13. Ne4 Nd7
14. Nexg5 f5 15. exf6 Nxf6 16. Ne4 Bd7 17. Nxf6+ Qxf6 18. Bd3 Bc6 19. Be4 Bxe4
20. Qxe4 $16 {Onat,I-Taimanov,M/WchS Wildbad/1993/}) (9... Qe7 10. Bd3 Nc6 11.
Qb3 a6 12. O-O-O b5 13. Rhe1 Bd7 14. d5 Ne5 15. Nxe5 dxe5 16. Nf1 Qc5 17. Ne3
a5 18. dxe6 fxe6 19. Be2 h5 20. Bxh5+ $1 Rxh5 21. Rxd7 Kxd7 22. Qd1+ Kc6 23.
Qxh5 $18 {Tseitlin,MS-Stempin,P/Polanica Zdroj/1989/}) (9... Nd7 10. Qb3 a6 11.
Bd3 Qe7 12. Nc4 g4 13. Nh4 b5 14. Ne3 c5 15. Nhf5 $1 exf5 16. Nxf5 c4 17. Qa3
Qf6 18. Nxd6+ Kd8 19. e5 Nxe5 20. dxe5 Qxe5+ 21. Be4 Kc7 22. O-O-O b4 23. Qxb4
Be6 24. Qb7+ {1-0,Berend,F-Lempert,I/EUCup Vilnius/1995/}) 10. Bd3 Nd7 11. Qe2
Qe7 {[#]} 12. Nc4 $14 {White doesn't commit his K yet and moves his pieces to
better squares. Black's position is rather cramped and White's space advantage
and central control somewhat outweigh Black's B-pair. Compare to Adams-Topalov,
Madrid 1996, where Topalov had more pressure against the center and his B were
not so passive. Until now Salov played some regular moves as anybodyelse would
do. Nc4 looks already a little bit deepper, it is connected with very flexible
dislocation of his knights on the central squares "e3" and "d2".} b6 13. Ne3
Bb7 14. a4 Kf8 {Losing the right to castle. May be the best chance for black
was 14...Nf6.} (14... c5 15. d5 Ne5 16. Nxe5 Bxe5 17. Nc4 $1 $36 {[%csl Rb6,
Rh6] ׻<<}) 15. Nd2 c5 16. d5 Ne5 17. Bc2 a5 $6 {><b5,c4 Activates the Bb7,
but seriously weakens the Q-side.} (17... Qc7 18. dxe6 fxe6 19. Bb3 Re8 20. f4
$40) (17... Re8 $142 $5 $14 {<=>}) 18. Bb3 Ba6 19. Ndc4 f5 $2 {A tactical
mistake, after which Black's position becomes critical. As I said before
Vesselin is a good tactician and even in such strategically hopeless positions
he founds some tactical counterchances.} (19... exd5 20. Nxd5 Qb7 21. f4 $16) (
19... Re8 $5 20. O-O-O $16 (20. dxe6 $6 Bxc4 (20... fxe6 $2 21. Nxe5 $1 Bxe2
22. Ng6+ $18) 21. Nxc4 fxe6 $14)) 20. Nxe5 $1 (20. exf5 $2 {Bologan} exf5 21.
Nxf5 Nd3+ 22. Kd2 Qxe2+ 23. Kxe2 Nxb2) (20. dxe6 {Bologan Another way to win.}
fxe4 (20... Qxe6 21. exf5 Qf6 22. Qd2 $18) 21. Nxe5 $18) 20... Bxe5 (20... Bxe2
$2 21. Ng6+) (20... dxe5 21. Bc4 $18) 21. Bc4 f4 (21... Bb7 22. exf5 $18) (
21... Bxc4 22. Nxc4 fxe4 (22... exd5 23. Nxb6 $18) 23. Qxe4 $1 exd5 24. Qxd5
Kg7 (24... Bxc3+ 25. Kf1 $18) 25. O-O-O $40 {[%csl Rb6,Rd6,Rg7] ><d6,b6,Kg7,+/
-/+-}) 22. gxf4 gxf4 (22... Bxc4 23. Nxc4 Bxf4 24. g3 $40) 23. Ng4 (23. Bxa6 $6
fxe3 $14 {^-}) 23... Bxc4 24. Qxc4 Bg7 $1 {Black must keep his B even at the
cost of material, otherwise he will have no counterplay at all.} (24... exd5
25. Qxd5 Re8 26. Rh5 $18) 25. dxe6 (25. Rh5 Qf7 $1 $132) 25... h5 (25... Re8 {
Bologan} 26. Rh5 $1 Qxe6 27. Qxe6 Rxe6 28. f3 Kf7 29. O-O-O Kg6 30. Rdd5 $18)
26. Qd5 (26. Nh2 Re8 $14) 26... Re8 27. Qf5+ $5 Kg8 28. Rxh5 Rxh5 29. Qxh5 Qxe6
30. O-O-O (30. f3 d5 31. O-O-O dxe4 $132 (31... d4 32. cxd4 Bxd4 33. Nh6+ Kf8
34. Qf5+ $18)) 30... Qxe4 31. Nh6+ $1 {Too simple. It will be didicult for
White to get use from the weakened psition of the Black's king.} (31. Rxd6 $2
Qe1+ 32. Kc2 Re2+ 33. Kb3 Rxb2+ $1 34. Kxb2 Qxc3+ $19) (31. Rxd6 $18 {Bologan})
31... Bxh6 $8 (31... Kh8 32. Nf5+ {[%cal Rf5d6] /\Nd6}) 32. Qxh6 $16 {ע
White's K is much safer, this gives him a large advantage.} Re6 (32... Qxg2 33.
Qxf4 d5 34. Qh4 $5 {[%cal Rd1h1] /\Rh1->}) 33. Qg5+ (33. Qh5 $5 $16) 33... Kf7
34. Rh1 {White has no any special threats til the rook must stay on the first
rank.Using this moment Black can go for some forced variations as 34...Rg6.}
Rf6 (34... Rg6 {Bologan} 35. Qd8 (35. Rh7+ Kg8 36. Qh4 Qe1+ 37. Kc2 Qe2+ $10)
35... Rxg2 36. Qxb6 (36. Qxd6 Rxf2 37. Qc7+ Kg8 38. Qc8+ Kf7 39. Qc7+ $10)
36... Rxf2 37. Qc7+ Kg8 38. Rg1+ Rg2 39. Qd8+ Kf7 40. Qd7+ Kg8 $10) 35. Qg4 {
[%cal Rg4d7] /\Qd7+-} Qf5 (35... Qe6 36. Rh7+ Ke8 37. Qh5+ (37. Qg7 Qe1+ 38.
Kc2 Qe2+ 39. Kb3 Qd1+ $10) 37... Kd8 38. Ra7 $40) (35... Ke7 $142 $5) 36. Qf3 {
Step by step White is getting back his advantage.Now Salov managed finaly to
settle his queen on good position on 'f3' from where it can attack both king
and queensides.} d5 (36... Rg6 37. Rh7+ Rg7 38. Rxg7+ Kxg7 39. g3 $16) 37. Rh5
Qe4 38. Rxd5 Qxa4 (38... Qxf3 39. gxf3 Ke6 40. Rh5 $18 {[%csl Rb6,Rf4][%cal
Rc1c2,Rc2b3,Rb3c4] ><b6,f4,/\Kc2-b3-c4} (40. Rh5 {Bologan} Kd6 41. Kc2 c4 $1
42. b3 cxb3+ 43. Kxb3 {There are very small chances for black to escape.})) 39.
Qh5+ (39. Qg4 $5 $40) 39... Ke6 40. Qe5+ Kf7 41. Qc7+ Kg6 42. Qc8 $5 Qa1+ 43.
Kc2 Qa4+ 44. Kc1 Qa1+ 45. Kc2 Qa4+ 46. Kd2 Qc6 47. Qg8+ Kh6 48. Qh8+ Kg6 49.
Qg8+ (49. Rh5 $5) (49. Qh5+ $1 Kg7 50. Rg5+ Rg6 (50... Kf8 51. Qh8+ Ke7 52.
Qh7+ Kd6 (52... Rf7 53. Re5+ Kd6 54. Qg6+ $18) 53. c4 $1 $18) 51. Rxg6+ Qxg6
52. Qxg6+ Kxg6 53. c4 Kf5 54. Kd3 a4 55. g3 $18) 49... Kh6 50. c4 $1 $18 Qe6
51. Qh8+ Kg6 52. Rh5 Qd7+ 53. Kc1 Qe7 54. Kb1 (54. Rh6+ Kg5 55. Qxf6+ $18)
54... Qe4+ (54... Rf8 55. Qh6+ Kf7 56. Qxf4+ $18) (54... Qg7 $2 55. Rg5+) 55.
Ka1 Re6 $2 (55... Qe7 56. Ka2 $18) 56. f3 (56. f3 Qe1+ 57. Ka2 {[%cal Rh8h7,
Rh5f5] /\Qh7,Rf5#}) 1-0

[Event "EU-Cup final"]
[Site "Hilversum"]
[Date "1993.??.??"]
[Round "1"]
[White "Salov, Valery"]
[Black "Renet, Olivier"]
[Result "1-0"]
[WhiteElo "2685"]
[BlackElo "2505"]
[Annotator "Salov,V"]
[PlyCount "83"]
[EventDate "1993.12.??"]
[EventType "team"]
[EventRounds "3"]
[EventCountry "NED"]
[SourceTitle "CBM 039"]
[Source "ChessBase"]
[SourceDate "1994.04.01"]
[SourceVersion "1"]
[SourceVersionDate "1994.04.01"]
[SourceQuality "1"]

1. d4 Nf6 2. Bg5 Ne4 3. Bf4 c5 4. f3 Nf6 5. dxc5 Nc6 {N} (5... Na6 $5) 6. e4
Qa5+ 7. Qd2 Qxc5 8. Nc3 e5 $2 (8... d6 $142 $14) 9. Be3 Qa5 10. Nb5 $1 Qd8 $8 (
10... Qxd2+ 11. Kxd2 Kd8 12. Bc4 $18) 11. O-O-O b6 12. Ne2 Bb7 13. Ng3 Rc8 14.
Nd6+ (14. Nf5 $1 d5 $8 15. exd5 Nb4 16. Nxg7+ Kd7 17. g3 $1 Rxc2+ 18. Qxc2 Nxc2
19. Bh3+ Ke7 20. d6+ $18) 14... Bxd6 15. Qxd6 Ne7 $8 16. Qxe5 O-O 17. Bb5 d5
18. Bg5 Ng6 19. Qd4 (19. Qf5 Rxc2+ (19... Rc5 $5) 20. Kxc2 Bc8 21. Bxf6 Qc7+
22. Bc3 Bxf5 23. Nxf5 $18) 19... dxe4 20. Bxf6 Qxf6 21. Qxf6 gxf6 22. Rd7 $18
Ba8 23. fxe4 Rc5 24. a4 f5 25. exf5 Nh4 26. Rxa7 Bxg2 27. Rg1 (27. Re1 $18)
27... Kh8 28. f6 Re5 29. Re7 Re6 $1 30. Re1 Rxf6 31. Re8 Ng6 (31... Rxe8 32.
Rxe8+ Kg7 33. Nh5+ $18) 32. h4 Kg8 $1 33. h5 Rxe8 34. Rxe8+ Nf8 35. Bd3 Bc6 36.
Rb8 Bxa4 37. Bf5 $1 {/\Ba4} h6 38. b3 Bb5 39. c4 Ba6 40. Be4 $18 Rf4 41. Bd5
Kg7 42. Ra8 1-0

[Event "Madrid"]
[Site "Madrid"]
[Date "1995.??.??"]
[Round "1"]
[White "Salov, Valery"]
[Black "Polgar, Judit"]
[Result "1-0"]
[WhiteElo "2715"]
[BlackElo "2630"]
[Annotator "Stohl,I"]
[PlyCount "169"]
[EventDate "1995.05.??"]
[EventType "tourn"]
[EventRounds "9"]
[EventCountry "ESP"]
[EventCategory "16"]
[SourceTitle "CBM 047"]
[Source "ChessBase"]
[SourceDate "1995.08.01"]
[SourceVersion "1"]
[SourceVersionDate "1995.08.01"]
[SourceQuality "1"]

1. d4 Nf6 2. Bg5 Ne4 3. Bf4 c5 4. f3 Qa5+ 5. c3 Nf6 6. Nd2 cxd4 7. Nb3 Qh5 $146
(7... Qb6 8. cxd4 (8. Qxd4 Nc6 9. Qxb6 axb6 10. Be3 b5 11. Bd2 e5 12. a3 d6 13.
e4 Be6 14. Nc1 Bc4 15. Nge2 Na5 16. Ng3 Bxf1 17. Rxf1 Nc4 18. Nd3 d5 19. Ke2 h5
20. exd5 Nxd5 21. b3 Nxd2 22. Kxd2 f6 23. Ne4 Be7 $15 {[+],Alvarez,J-Garcia,O/
CUB-ch/1995/}) 8... e6 $5 9. Bd2 Nc6 10. e3 a5 $1 11. a4 Bb4 12. Bb5 Nd5 13.
Qe2 O-O 14. Nh3 d6 15. Ng5 e5 16. Bxb4 Ndxb4 17. dxe5 dxe5 18. Rd1 h6 19. Ne4
Bf5 20. O-O Rad8 21. Bc4 Qc7 22. Rc1 Qe7 23. Nbc5 b6 $10 {Hodgson,J-Suetin,A/
Bern op/1995/}) (7... Qf5 $5 8. Bxb8 (8. Qxd4 Nc6 9. Qd2 e5 10. Be3 d5 11. g4
Qe6 12. g5 d4 $1 13. gxf6 dxe3 14. Qxe3 Qxf6 15. Bh3 Qh4+ 16. Qf2 Qh6 17. Bxc8
Rxc8 18. e3 Be7 $36 19. Ne2 $6 Bh4 20. Ng3 Bxg3 21. Qxg3 Qxe3+ 22. Kf1 Rd8 23.
Re1 Qh6 24. Kf2 O-O $19 {Zucchelli,M-Ragozin,E/Linares op/1995/}) 8... Rxb8 9.
Qxd4 b6 10. e4 Qf4 11. Ne2 Qc7 12. e5 Ng8 13. c4 f6 14. f4 fxe5 15. fxe5 g6 16.
e6 Nf6 17. Nc3 dxe6 18. Nb5 Qb7 19. Be2 Qxg2 20. Qe5 Qxh1+ 21. Kf2 Ne4+ $1 22.
Ke3 Bh6+ 23. Kd3 Nf2+ 24. Kc3 O-O $1 $19 {Tregubov,P-Varavin,V/RUS-ch Elista/
1994/}) 8. cxd4 {/\e4[+]} d5 9. g4 $1 {()>>} Qh4+ (9... Qg6 10. e3 {/\Bd3} Nfd7
11. Bd3 $14) 10. Bg3 Qh6 11. h4 Nfd7 $8 12. Rc1 Na6 (12... Nc6 $6 13. g5 Qg6
14. e3 {ףg6}) 13. Nh3 Qb6 14. e3 e6 15. a3 (15. Bd3 Nb4 $5 16. Bc7 Nxd3+ 17.
Qxd3 Qb4+ $13) 15... Be7 16. Bd3 Nf8 (16... O-O $6 17. Qc2 h6 (17... g6 18. h5
$40) 18. g5 $40) 17. Rc3 Bd7 18. Qc1 Bb5 19. Bb1 $1 (19. Rc8+ Rxc8 20. Qxc8+
Bd8 $13) 19... Nd7 20. Nf4 Bd6 21. Kf2 $36 {<->c,()} Ba4 22. Nd2 Nc7 23. Nh5
Bxg3+ 24. Nxg3 (24. Kxg3 Qd6+ 25. Kf2 Kd8 $1 26. Nxg7 (26. b3 Bc6 27. Nxg7 Nb5
$13) 26... Nb5 27. Rd3 Rc8 $44) 24... O-O-O (24... Nb5 $2 25. Rc8+ Ke7 26. Rxa8
Rxa8 27. b3 $18) (24... Bc6 $5 $14 {/\a5-a4}) 25. b3 Bc6 26. b4 Kb8 (26... Nb5
$5 27. Rc2 (27. a4 $2 Nxc3 28. Qxc3 a6 29. Bd3 Kb8 30. b5 axb5 31. axb5 Bxb5
32. Rb1 Qc6 $19) 27... Nd6 (27... Qa6 28. Ra2 {/\a4+-}) 28. Nb3 $14) 27. Nb3
Nb5 28. Rc2 Nd6 29. Nc5 Bb5 (29... Nc4 30. Ba2 $16) 30. a4 (30. Nh5 $5 $14)
30... Bc4 31. Qa3 Rhe8 32. Nh5 Nf6 (32... g6 33. Nf4 e5 $5 34. dxe5 Rxe5 35.
Qc3 $14) 33. Nf4 (33. Nxg7 Rg8 34. g5 (34. Nh5 Nxh5 35. gxh5 Nf5 $40) 34...
Rxg7 35. gxf6 Rg6 $15 {עf2}) 33... Nd7 34. Qc3 Qc7 35. Rcc1 g6 (35... h6 $5)
36. Nfd3 Ka8 (36... Bxd3 $4 37. Na6+ $18) 37. Ne5 Nxe5 38. dxe5 Nc8 39. Nb3 Nb6
40. a5 Nd7 (40... Na4 $2 41. Qa1 {פa4}) 41. f4 {/\g5,h5,Nd4} f6 $1 42. Nd2 $1
$8 (42. exf6 e5 $36) 42... fxe5 43. Nxc4 dxc4 44. Qxc4 Qb8 45. Qc7 exf4 46.
exf4 Nf6 47. Qxb8+ Kxb8 48. g5 (48. Kg3 Rd4 $13) 48... Nd5 49. Rc4 {_|_><g6,h7}
e5 $6 (49... Rc8 $1 50. Rxc8+ (50. Rd4 $6 Rf8 $15) (50. Rhc1 Nxf4 $15) 50...
Rxc8 51. h5 $1 Nxf4 52. hxg6 hxg6 53. Kf3 $44) 50. fxe5 Rxe5 51. Rh3 Rde8 52.
Rf3 a6 53. Bd3 $36 R8e7 54. Rf8+ Ka7 55. Rd4 {/\Bc4,Rdd8} b6 56. axb6+ Kxb6 57.
Bf1 {><a6} Rc7 58. Bg2 Rc2+ 59. Kg3 Ne7 (59... Ne3 60. Be4 Rc3 61. Kf4 $16) 60.
Be4 Re2 (60... Nf5+ $2 61. Rxf5 $1 $18) 61. Rf6+ Kc7 $8 62. Kf3 Rh2 63. Kf4 $1
Rb5 64. Kg3 Rb2 65. Rf7 Re5 $8 66. Rxh7 $18 Kc8 67. Rf7 Re2 68. Kf3 Re1 69. Rf6
a5 (69... Rf1+ 70. Kg2 Re1 71. Bf3 Nf5 72. Rc6+ $18) 70. Kf4 $1 Rb5 71. Re6 Nf5
$8 72. Rc6+ Kb8 (72... Kb7 73. Rxg6+ $18) 73. Rd8+ Kb7 74. Rc4+ (74. Rc5+ $2
Rxe4+ 75. Kxe4 Rxb4+ $16) 74... Rxe4+ 75. Rxe4 axb4 (75... Nxh4 76. Rh8 Nf5 (
76... Ng2+ 77. Kf3 Rxg5 78. Rh2 $18) 77. Rh7+ $18) 76. h5 b3 (76... gxh5 77.
Re5 $18) 77. hxg6 b2 78. Rd1 Kc6 (78... b1=Q 79. Rxb1 Rxb1 80. Kxf5) 79. Re5
b1=Q 80. Rxb1 Rxb1 81. Kxf5 Kd6 82. g7 Rb8 83. Re6+ Kd7 84. Rf6 (84. Re1 $18)
84... Ke7 85. Kg6 {/\Kh7} (85. Rf8 $18) 1-0

[Event "GEO-ch 68th"]
[Site "Tbilisi"]
[Date "2009.01.26"]
[Round "9"]
[White "Sanikidze, Tornike"]
[Black "Pantsulaia, Levan"]
[Result "1-0"]
[WhiteElo "2522"]
[BlackElo "2583"]
[PlyCount "49"]
[EventDate "2009.01.17"]
[EventType "tourn"]
[EventRounds "13"]
[EventCountry "GEO"]
[EventCategory "10"]
[SourceTitle "CBM 128 Extra"]
[Source "ChessBase"]
[SourceDate "2009.03.05"]
[SourceVersion "2"]
[SourceVersionDate "2009.03.25"]
[SourceQuality "1"]

1. d4 Nf6 2. Bg5 e6 3. e4 c5 4. e5 h6 5. Bc1 Nh7 6. d5 a6 7. d6 Nc6 8. f4 Nxe5
9. fxe5 Qh4+ 10. g3 Qe4+ 11. Qe2 Qxh1 12. Nf3 Ng5 13. Nbd2 Nh3 14. Ne4 Ng1 15.
Nxg1 Qxg1 16. Be3 Qh1 17. Bd2 Qg1 18. c3 c4 19. Be3 Qh1 20. Bb6 h5 21. O-O-O h4
22. Bg2 Qxh2 23. Bg1 hxg3 24. Bxh2 gxh2 25. Qf3 1-0

[Event "chess.com Junior Speed"]
[Site "chess.com INT"]
[Date "2019.06.18"]
[Round "1.19"]
[White "Sarana, A."]
[Black "Esipenko, Andrey"]
[Result "1-0"]
[WhiteElo "2636"]
[BlackElo "2620"]
[PlyCount "61"]
[EventDate "2019.05.16"]
[EventType "k.o. (blitz)"]
[EventRounds "4"]
[EventCountry "USA"]
[SourceTitle "The Week in Chess 1285"]
[Source "Mark Crowther"]
[SourceDate "2019.06.24"]
[SourceVersion "1"]
[SourceVersionDate "2019.06.24"]
[SourceQuality "2"]

1. d4 Nf6 2. Bg5 e6 3. e4 h6 4. Bxf6 Qxf6 5. c3 d6 6. Bd3 Qg5 7. g3 Qe7 8. f4
g6 9. Qf3 Bg7 10. Ne2 Nd7 11. Nd2 a6 12. O-O b5 13. f5 Bb7 14. fxg6 fxg6 15.
Qg4 g5 16. Qh5+ Kd8 17. Rf7 Qe8 18. Raf1 Bf8 19. Qg6 Kc8 20. g4 Kb8 21. Ng3 Nb6
22. Nh5 c5 23. Nf6 Qc8 24. Ng8 Ka7 25. Rxf8 Qxf8 26. Rxf8 Rxf8 27. Nf6 cxd4 28.
cxd4 Rc8 29. Nb3 Rhf8 30. Qg7 Nc4 31. Bxc4 1-0

[Event "ch-RUS Rapid GP Final"]
[Site "Khanty-Mansiysk RUS"]
[Date "2018.12.01"]
[Round "3.8"]
[White "Sarana, A."]
[Black "Chigaev, M."]
[Result "1-0"]
[WhiteElo "2618"]
[BlackElo "2606"]
[PlyCount "73"]
[EventDate "2018.12.01"]
[EventType "tourn (rapid)"]
[EventRounds "15"]
[EventCountry "RUS"]
[EventCategory "12"]
[SourceTitle "The Week in Chess 1256"]
[Source "Mark Crowther"]
[SourceDate "2018.12.03"]
[SourceVersion "2"]
[SourceVersionDate "2018.12.06"]
[SourceQuality "2"]

1. d4 Nf6 2. Bg5 g6 3. Nd2 Bg7 4. Ngf3 d6 5. e4 O-O 6. Bd3 Nc6 7. O-O e5 8.
dxe5 Nxe5 9. Nxe5 dxe5 10. Nc4 Qe7 11. Qf3 h6 12. Bd2 b6 13. Bc3 Nd7 14. Qg3
Bb7 15. Kh1 a5 16. f4 exf4 17. Qxf4 Nc5 18. Bxg7 Kxg7 19. Rae1 Rad8 20. Re3 Ba6
21. Rh3 g5 22. Ne3 Bc8 23. Rg3 Nxd3 24. cxd3 Rxd3 25. Nd5 Qe6 26. Qxc7 Rxg3 27.
hxg3 Kh8 28. Qc3+ Kh7 29. Nf6+ Kg6 30. e5 Rh8 31. Qd3+ Kg7 32. Nh5+ Kg8 33. Rf6
Qxe5 34. Qd8+ Kh7 35. Rxf7+ Kg6 36. Rf6+ Kh7 37. Qd3+ 1-0

[Event "RUS-chT rapid"]
[Site "Sochi"]
[Date "2017.10.03"]
[Round "4.1"]
[White "Sarana, Alexey"]
[Black "Kryakvin, Dmitry"]
[Result "1-0"]
[WhiteElo "2543"]
[BlackElo "2583"]
[PlyCount "97"]
[EventDate "2017.10.03"]
[EventType "team-swiss (rapid)"]
[EventRounds "9"]
[EventCountry "RUS"]
[SourceTitle "EXT 2018"]
[Source "ChessBase"]
[SourceDate "2017.10.13"]
[SourceVersion "1"]
[SourceVersionDate "2017.10.13"]
[SourceQuality "1"]
[WhiteTeam "Moscow Locomotive"]
[BlackTeam "Moscow Gogol Mogol"]
[WhiteTeamCountry "RUS"]
[BlackTeamCountry "RUS"]

1. d4 Nf6 2. Bg5 Ne4 3. Bf4 d5 4. Nf3 c5 5. e3 Qb6 6. Nc3 Nxc3 7. bxc3 Nc6 8.
Be2 e6 9. O-O Be7 10. c4 dxc4 11. Bxc4 cxd4 12. exd4 O-O 13. Rb1 Qd8 14. Bd3 b6
15. c4 Ba6 16. Be4 Rc8 17. Bxc6 Rxc6 18. Qa4 Qc8 19. Ne5 Rd6 20. Rfd1 f6 21.
Nf3 Rc6 22. c5 Be2 23. Qxa7 Bxd1 24. cxb6 Rxb6 25. Rxb6 e5 26. Qxe7 exf4 27.
Rb7 Qg4 28. h3 Qg6 29. Qe6+ Kh8 30. Qd6 Rg8 31. Qxf4 Qd3 32. Qd2 Qe4 33. d5
Bxf3 34. gxf3 Qxf3 35. Rb3 Qf5 36. d6 Rd8 37. Rd3 Rd7 38. a4 h6 39. a5 Qb5 40.
Rd5 Qb1+ 41. Kh2 Qf1 42. Qe3 f5 43. Qf4 Qb1 44. Rxf5 Kh7 45. Rd5 Qg6 46. a6 Rf7
47. Qg3 Qc2 48. Qd3+ Qxd3 49. Rxd3 1-0